LIBRARY & INFORMATION CENTRE, KCAET, TAVANUR

ONLINE PUBLIC ACCESS CATALOGUE (OPAC)

Engineering mechanics / (Record no. 10553)

MARC details
000 -LEADER
fixed length control field 00512cam a2200205ua 4500
041 ## - LANGUAGE CODE
Language code of text/sound track or separate title eng
082 ## - DEWEY DECIMAL CLASSIFICATION NUMBER
Classification number 620.17
Item number TIM/EN
100 ## - MAIN ENTRY--AUTHOR NAME
Personal name Timoshenko, S .
245 ## - TITLE STATEMENT
Title Engineering mechanics /
250 ## - EDITION STATEMENT
Edition statement 4 /
260 ## - PUBLICATION, DISTRIBUTION, ETC. (IMPRINT)
Place of publication New York :
Name of publisher McGraw Hill Book Company ,
Year of publication 2006.
300 ## - PHYSICAL DESCRIPTION
Number of Pages 529 :
Other physical details 506 ; .
700 1# - ADDED ENTRY--PERSONAL NAME
Personal name Young, D H .
942 ## - ADDED ENTRY ELEMENTS (KOHA)
Koha item type Books
Holdings
Withdrawn status Lost status Damaged status Home library Current library Date acquired Full call number Accession Number Koha item type
      KAUAET KAUAET 07/04/2012 620.17 TIM/EN 10909 Books
      KAUAET KAUAET 07/04/2012 620.17 TIM/EN 21276 Books
free website counter